Sivas kongresi: (Record no. 14602)
[ view plain ]
| 000 -BAŞLIK | |
|---|---|
| Sabit Uzunlukta Kontrol Alanı | 00796nam a22002417a 4500 |
| 999 ## - SİSTEM KONTROL NUMARALARI (KOHA) | |
| Koha Biblionumber | 14602 |
| Koha Biblioitemnumber | 14602 |
| 003 - KONTROL NUMARASI IDENTIFIER | |
| Denetim Alanı | MIRAKIL |
| 005 - SON İŞLEM TARİHİ VE ZAMANI | |
| Denetim Alanı | 20211108140150.0 |
| 008 - SABİT-BOY VERİ ELEMANLARI - GENEL BİLGİLER | |
| Sabit Uzunlukta Kontrol Alanı | 211108b tu ||||| |||| 00| 0 tur d |
| 040 ## - KATALOGLAMA KAYNAK | |
| Orijinal Kataloglama Ajansı | TR-AnCHP |
| Kataloglama Dili | tur |
| Metne Dönüştürmek Ajansı | TR-AnCHP |
| 082 ## - DEWEY ONLU SINIFLANDIRMA NUMARASI | |
| Sınıflandırma Numarası | 956.1023 |
| Ürün Numarası | A64s 1997 |
| 100 ## - ANA GİRİŞ - KİŞİSEL İSİM | |
| Kişisel Ad | Arıburnu, Kemal |
| 245 ## - BAŞLIK TABLOSU | |
| Başlık | Sivas kongresi: |
| Sorumluluk Tablosu, Vb | Kemal Arıburnu |
| Başlığın Kalan | Samsun'dan Ankara'ya kadar olaylar ve anılarla/ |
| 246 ## - UNVAN FORM VARYING | |
| Başlık Doğru / Kısa Başlığı | Samsun'dan Ankara'ya kadar olaylar ve anılarla |
| 250 ## - EDITION TABLOSU | |
| Baskı Beyanı | 2. bs. |
| 260 ## - YAYIN, DAĞITIM, VB | |
| Yayın, Dağıtım, Vb Yeri | Ankara: |
| Yayıncı, Dağıtıcı, Vs Adı | Atatürk Araştırma Merkezi, |
| Yayın, Dağıtım, Vb Tarihi | 1997. |
| 300 ## - FİZİKSEL TANIM | |
| Kapsam | 314 s.: |
| Boyutlar | 24 sm. |
| Diğer Fiziksel Ayrıntıları | fotg.; |
| 490 ## - SERİSİ TABLOSU | |
| Seri Beyanı | Atatürk dizisi |
| Hacim / Ardışık Tanımı | 31 |
| 504 ## - KAYNAKÇA VB NOT | |
| Kaynakça Vb Notu | Kaynakça vardır. |
| 600 ## - KONU KATMA GİRİŞ - KURUMSAL ADI | |
| Kişisel Ad | Atatürk, Mustafa Kemal |
| 650 #0 - KONU KATMA GİRİŞ - TOPİKAL DÖNEM | |
| Genel Alt Bölümü | Tarih |
| Kronolojik Alt Bölümü | Kurtuluş savaşı |
| 856 ## - ELEKTRONİK YER VE ERİŞİM | |
| Kamu Notu | Samsun'dan Ankara'ya kadar olaylar ve anılarla |
| 942 ## - EKLENDİ GİRİŞ ELEMANLARI (KOHA) | |
| Sınıflandırma Veya Raf Düzeni Kaynak | Dewey Decimal Classification |
| Koha Öğesi Türü | Books |
| Kalıcı Konum | Mevcut Konum | Edinme Tarihi | Toplam Check-Out'Lar | Tam Çağrı Numarası | Barkod | Tarih Son Görülme | İtibaren Geçerli Fiyatlar | Sigara Kamu Notu | Koha Öğesi Türü |
|---|---|---|---|---|---|---|---|---|---|
| CHP Kütüphanesi | CHP Kütüphanesi | 11/08/2021 | 956.1023 A64s 1997 | 020097 | 11/08/2021 | 11/08/2021 | Emin Değer Bağışıdır. | Books |
